| 000 -LEADER |
| fixed length control field |
01635cam a2200445 a 4500 |
| 001 - CONTROL NUMBER |
| control field |
3433997 |
| 003 - CONTROL NUMBER IDENTIFIER |
| control field |
OSt |
| 005 - DATE AND TIME OF LATEST TRANSACTION |
| control field |
20210928152551.0 |
| 006 - FIXED-LENGTH DATA ELEMENTS--ADDITIONAL MATERIAL CHARACTERISTICS |
| fixed length control field |
m o d |
| 007 - PHYSICAL DESCRIPTION FIXED FIELD--GENERAL INFORMATION |
| fixed length control field |
cr zn| |
| 008 - FIXED-LENGTH DATA ELEMENTS--GENERAL INFORMATION |
| fixed length control field |
030312s2001 enka sb 001 0 eng d |
| 020 ## - INTERNATIONAL STANDARD BOOK NUMBER |
| Canceled/invalid ISBN |
0852969791 |
| 035 ## - SYSTEM CONTROL NUMBER |
| System control number |
(CtWfDGI)bks00002538 |
| 035 ## - SYSTEM CONTROL NUMBER |
| System control number |
(NNC)3433997 |
| 038 ## - RECORD CONTENT LICENSOR |
| Staff Name |
khadija |
| 040 ## - CATALOGING SOURCE |
| Original cataloging agency |
CtWfDGI |
| Transcribing agency |
CtWfDGI |
| 050 14 - LIBRARY OF CONGRESS CALL NUMBER |
| Classification number |
T65.3 |
| Item number |
.H63 2001b |
| 082 04 - DEWEY DECIMAL CLASSIFICATION NUMBER |
| Classification number |
620.00715 |
| Edition number |
21 |
| Author Mark |
HOA |
| 100 1# - MAIN ENTRY--PERSONAL NAME |
| Personal name |
Hoag, Kevin. |
| 9 (RLIN) |
82838 |
| 245 10 - TITLE STATEMENT |
| Title |
Skills development for engineers |
| Remainder of title |
an innovative model for advanced learning in the workplace / |
| Statement of responsibility, etc. |
Kevin Hoag. |
| 256 ## - COMPUTER FILE CHARACTERISTICS |
| Computer file characteristics |
Computer document. |
| 260 ## - PUBLICATION, DISTRIBUTION, ETC. |
| Place of publication, distribution, etc. |
London : |
| Name of publisher, distributor, etc. |
Institution of Electrical Engineers, |
| Date of publication, distribution, etc. |
c2001 |
| Place of manufacture |
(Norwood, Mass. : |
| Manufacturer |
Books24x7.com [generator]) |
| 490 1# - SERIES STATEMENT |
| Series statement |
IEE management of technology series ; |
| Volume/sequential designation |
20 |
| 500 ## - GENERAL NOTE |
| General note |
Title from title screen. |
| 504 ## - BIBLIOGRAPHY, ETC. NOTE |
| Bibliography, etc. note |
Includes bibliographical references and index. |
| 516 ## - TYPE OF COMPUTER FILE OR DATA NOTE |
| Type of computer file or data note |
Text. |
| 530 ## - ADDITIONAL PHYSICAL FORM AVAILABLE NOTE |
| Additional physical form available note |
Available also in a print ed. |
| 538 ## - SYSTEM DETAILS NOTE |
| System details note |
Mode of access: Internet via World Wide Web. |
| 550 ## - ISSUING BODY NOTE |
| Issuing body note |
Digitized and made available by: Books 24x7.com. |
| 563 ## - BINDING INFORMATION |
| Binding note |
hardcover |
| 650 #0 - SUBJECT ADDED ENTRY--TOPICAL TERM |
| Topical term or geographic name entry element |
Engineers |
| General subdivision |
Education (Continuing education) |
| 9 (RLIN) |
82839 |
| 650 #0 - SUBJECT ADDED ENTRY--TOPICAL TERM |
| Topical term or geographic name entry element |
Engineering |
| General subdivision |
Study and teaching (Continuing education) |
| 9 (RLIN) |
82840 |
| 655 #7 - INDEX TERM--GENRE/FORM |
| Genre/form data or focus term |
Electronic books. |
| Source of term |
lcsh |
| 9 (RLIN) |
621 |
| 710 2# - ADDED ENTRY--CORPORATE NAME |
| Corporate name or jurisdiction name as entry element |
Books24x7, Inc. |
| 9 (RLIN) |
25470 |
| 710 2# - ADDED ENTRY--CORPORATE NAME |
| Corporate name or jurisdiction name as entry element |
Institution of Electrical Engineers. |
| 9 (RLIN) |
82841 |
| 830 #0 - SERIES ADDED ENTRY--UNIFORM TITLE |
| Uniform title |
IEE management of technology series ; |
| Volume/sequential designation |
20. |
| 9 (RLIN) |
82842 |
| 856 40 - ELECTRONIC LOCATION AND ACCESS |
| Uniform Resource Identifier |
<a href="http://www.columbia.edu/cgi-bin/cul/resolve?clio3433997">http://www.columbia.edu/cgi-bin/cul/resolve?clio3433997</a> |
| Public note |
Click here for full text. |
| 942 ## - ADDED ENTRY ELEMENTS (KOHA) |
| Source of classification or shelving scheme |
|
| Koha item type |
Book |